Formula 1: Most Points Per Team - Alpine - Statistics

General Stats
  • This quiz has been taken 57 times
  • The average score is 14 of 20
Answer Stats
Points Answer Nationality Years on team % Correct
1,325 Fernando Alonso Spain 2003-2006, 2008-2009, 2021-2022
100%
304 Esteban Ocon France 2021-2024
98%
94 Pierre Gasly France 2023-
96%
173 Daniel Ricciardo Australia 2019-2020
92%
149 Nico Hülkenberg Germany 2017-2019
88%
137 Robert Kubica Poland 2010
88%
432 Alain Prost France 1981-1983
84%
59 Carlos Sainz Spain 2017-2018
80%
391 Giancarlo Fisichella Italy 2005-2007
74%
87 Heikki Kovalainen Finland 2007
68%
64 Vitaly Petrov Russia 2010-2011
68%
257 Jarno Trulli Italy 2002-2004
66%
50 Nelson Piquet jr. Brazil 2008-2009
62%
306 René Arnoux France 1979-1982
62%
34 Nick Heidfeld Germany 2011
50%
80 Jensin Button United Kingdom 2002
44%
68 Jean Pierre Jabouille France 1977-1980
40%
123 Patrick Tambay France 1984-1985
36%
84 Eddie Cheever United States 1983
34%
120 Derek Warwick United Kingdom 1984-1985
20%
No matching quizzes found
Score Distribution
Percent of People with Each Score
Percentile by Number Answered
Your Score History
You have not taken this quiz